| 000 | 00431nam a22001577a 4500 | ||
|---|---|---|---|
| 005 | 20250901165804.0 | ||
| 008 | 030402s2002 ke 000 0 eng | ||
| 010 | _a 2002379141 | ||
| 020 | _a9966882723 | ||
| 050 | 0 | 0 | _aPR 9380.85 .O36 2012 |
| 100 | 1 | _aOgola, Margaret A. | |
| 245 | 1 | 0 |
_aI swear by Apollo / _cMargaret A. Ogola. |
| 260 |
_aNairobi, Kenya : _bFocus Publishers, _c2002. |
||
| 300 |
_a284 p. ; _c17 cm. |
||
| 942 | _2lcc | ||
| 999 |
_c9266 _d9266 |
||